Central Library OPAC University of Rajshahi

মহাপ্রস্থান / (Record no. 48106)

MARC details
000 -LEADER
fixed length control field 00827nam a2200229 a 4500
001 - CONTROL NUMBER
control field 48106
003 - CONTROL NUMBER IDENTIFIER
rucl marc code BD-RjUL
005 - DATE AND TIME OF LATEST TRANSACTION
control field 20211209054448.0
008 - FIXED-LENGTH DATA ELEMENTS--GENERAL INFORMATION
fixed length control field 160811s2000 bg ||||| |||| 00| f ben d
020 ## - INTERNATIONAL STANDARD BOOK NUMBER
International Standard Book Number 984560097
Terms of availability : Tk. 65.00
035 ## - SYSTEM CONTROL NUMBER
System control number (BD-RjUL)48225
040 ## - CATALOGING SOURCE
Original cataloging agency BD-RjUL
Language of cataloging ben
Transcribing agency BD-RjUL
041 ## - LANGUAGE CODE
Language code of text/sound track or separate title ben
082 ## - DEWEY DECIMAL CLASSIFICATION NUMBER
Edition number 23
Classification number 891.443
Author mark and year AHM 2000
100 ## - MAIN ENTRY--PERSONAL NAME
Personal name আহসান, মোস্তফা তারিকুল
9 (RLIN) 119841
245 10 - TITLE STATEMENT
Title মহাপ্রস্থান /
Statement of responsibility, etc. মোস্তফা তারিকুল আহসান
260 ## - PUBLICATION, DISTRIBUTION, ETC. (IMPRINT)
Place of publication, distribution, etc. ঢাকা :
Name of publisher, distributor, etc. জাতীয় গ্রন্থ প্রকাশন,
Date of publication, distribution, etc. ২০০০
300 ## - PHYSICAL DESCRIPTION
Pagination ৮০ পৃ. ;
Size ১৯ সেমি
650 ## - SUBJECT ADDED ENTRY--TOPICAL TERM
Topical term or geographic name as entry element বাংলা উপন্যাস
9 (RLIN) 145807
Topical term or geographic name as entry element Benglali Fiction
9 (RLIN) 145808
942 ## - ADDED ENTRY ELEMENTS (KOHA)
Source of classification or shelving scheme Dewey Decimal Classification
Koha item type Books
Holdings
Lost status Source of classification or shelving scheme Damaged status Not for loan Collection code Permanent Location Current Location Shelving location Date acquired Source of acquisition Cost, normal purchase price Total Checkouts Full call number Date last seen Copy number Koha item type
  Dewey Decimal Classification     Fiction Central Library, University of Rajshahi Central Library, University of Rajshahi   29/07/2007 Writer 65.00   B 891.443 AHM 2000 11/08/2016 C-2 Books
  Dewey Decimal Classification     Fiction Central Library, University of Rajshahi Central Library, University of Rajshahi   29/07/2007 Writer 65.00   B 891.443 AHM 2000 11/08/2016 C-3 Books
  Dewey Decimal Classification     Fiction Central Library, University of Rajshahi Central Library, University of Rajshahi   29/07/2007 Author 65.00   B 891.443 AHM 2000 30/10/2016 C-4 Books